| 000 | 00387nam a2200145Ia 4500 | ||
|---|---|---|---|
| 008 | 150128s9999 xx 000 0 und d | ||
| 020 | _a0553213997 | ||
| 050 |
_aCLA _bM11o 1990 |
||
| 100 | _aMandelbaum, Allen. | ||
| 245 | 4 | _aThe Odyssey of Homer / | |
| 250 | _aAllen Mandelbaum. | ||
| 260 |
_aNew York: _bBantam Books, _c1990. |
||
| 300 |
_a541 pages : _c18 cm. |
||
| 650 | _xFiction. | ||
| 999 |
_c278881 _d278881 |
||